Parole Arabe nella lingua italiana - Statistics

Statistiche generali
  • Questo quiz è stato fatto 1.246 volte
  • Il punteggio medio è 9 su 22
Statistiche sulle risposte
Definizione Parola % Corretto
Viaggio per cacciare o fotografare animali selvatici Safari
77%
Cadavere umano imbalsamato Mummia
73%
Preziosa spezia che dà il colore giallo al cibo Zafferano
73%
Salsa a base di ceci, tahin, ecc... Hummus
70%
Branca della matematica che si occupa delle regole per risolvere determinate equazioni Algebra
60%
Gruppo di mogli e concubine Harem
57%
Frutto molto comune utilizzato per il succo aspro Limone
56%
Pioggia tropicale che cade per diversi mesi con poche interruzioni Monsone
53%
Leader dell'Impero Ottomano Sultano
48%
Unità di peso usata per misurare le gemme Carato
41%
Piccolo libretto su cui annotare appunti Taccuino
39%
Antica pratica esoterica che voleva mutare il piombo in oro Alchimia
37%
Opposto allo zenit Nadir
35%
Bevanda dolce ma anche medicinale Sciroppo
30%
Comandante di una flotta di navi Ammiraglio
28%
Pianta i cui fiori bianchi vengono utilizzati per aromatizzare il tè verde Gelsomino
26%
Strumento a corda medievale Liuto
22%
Tipo di uccello con una lunga apertura alare Albatross
20%
E' contenuto in varie bevande ed ha formula chimica C 2 H 6 O Alcool
18%
Uno che uccide ad esempio un leader politico o un'altra figura di spicco Assassino
18%
Capo di una tribù o di un villaggio arabo Sceicco
17%
Colore rosso intenso Cremisi
13%
Nessun quiz corrispondente trovato
Distribuzione punteggi
Percentuale di utenti per punteggio
Percentile per numero di risposta
I tuoi punteggi nel tempo
Non hai fatto questo quiz